Hell's Kitchen chefs by pictures Quiz Stats

 Plays Quiz not verified by Sporcle

Score 0/84 Timer 20:00
0 Plays Today
% Correct
Jimmy
82.1%
Jessica
65.2%
Michael
62.5%
Ralph
58%
Rock
52.7%
Heather
50%
Elsie
49.1%
Robert
49.1%
Ben
48.2%
Danny
48.2%
Virginia
47.3%
Bonnie
47.3%
Paul
46.4%
Christina
46.4%
Garrett
45.5%
Sabrina
45.5%
Sara
44.6%
Matt
44.6%
Bobby
44.6%
Jen
44.6%
Van
44.6%
Trev
44.6%
Jen
43.8%
Giovanni
43.8%
Andrea
43.8%
Dave
43.8%
Elise
43.8%
Josh
42.9%
% Correct
Barbie
42.9%
Corey
42%
Russell
42%
Ariel
42%
Keith
41.1%
Julia
41.1%
Petrozza
41.1%
Kevin
41.1%
Jay
41.1%
Holli
41.1%
Nona
41.1%
Dana
41.1%
Jillian
40.2%
Autumn
39.3%
Tommy
39.3%
Ariel
38.4%
Robyn
38.4%
Mary
38.4%
Suzanne
37.5%
Tennille
37.5%
Jennifer
37.5%
Will
37.5%
Justin
37.5%
Ja'nel
37.5%
Paula
36.6%
Benjamin
36.6%
Jon
36.6%
Scott
36.6%
% Correct
Christina
35.7%
Gail
35.7%
Manda
35.7%
Clemenza
34.8%
Melanie
34.8%
Jason
33.9%
Michelle
33.9%
Joy
33%
Rochelle
33%
Nick
33%
Jared
33%
Cyndi
32.1%
Bryant
32.1%
Susan
31.3%
Josh
31.3%
Ashley
31.3%
La Tasha
30.4%
Milly
29.5%
Ed
28.6%
Jason
28.6%
Kashia
27.7%
Sade
27.7%
Santos
25.9%
Roe
25.9%
Jennifer
25.9%
Kristin
25.9%
Meghan
25%
T
17%

You're not logged in!

Compare scores with friends on all Sporcle quizzes.
OR
Log In

You Might Also Like...

Show Comments

Extras

Created Nov 12, 2016ReportNominate
Tags:chef, hell, Hell Kitchen, kitchen

Top Quizzes Today


Score Distribution

Your Account Isn't Verified!

In order to create a playlist on Sporcle, you need to verify the email address you used during registration. Go to your Sporcle Settings to finish the process.

Report this User

Report this user for behavior that violates our Community Guidelines.

Details: